[Event "Graz op A"]
[Site "Graz"]
[Date "2001.09.07"]
[Round "7.32"]
[White "Thieme, Steffen"]
[Black "Kainz, Josef"]
[Result "0-1"]
[WhiteElo "2165"]
[BlackElo "2044"]
[PlyCount "30"]


1. d4 c5 2. e3 Nf6 3. Nf3 cxd4 4. exd4 d5 5. Bd3 g6 6. O-O Bg7 7. Re1 O-O 8. c3
Nfd7 9. Qb3 e6 10. Bg5 Qb6 11. Nbd2 Nc6 12. Bf4 a5 13. h3 Re8 14. Qxd5 { }
14... exd5 15. Rxe8+ Nf8 0-1

[Event "Graz op A"]
[Site "Graz"]
[Date "2001.09.07"]
[Round "7.33"]
[White "Valent, Peter"]
[Black "Wieser, Andreas"]
[Result "1/2-1/2"]
[WhiteElo "2058"]
[BlackElo "2156"]
[PlyCount "100"]


1. e4 e5 2. Nf3 Nc6 3. Bb5 a6 4. Ba4 Nf6 5. d4 exd4 6. O-O Be7 7. e5 Ne4 8.
Nxd4 Nxd4 9. Qxd4 Nc5 10. Nc3 O-O 11. Nd5 d6 12. Nxe7+ Qxe7 13. exd6 Qxd6 14.
Qxd6 cxd6 15. Bb3 Nxb3 16. axb3 Be6 17. Bf4 Rfc8 18. Rfc1 Rc6 19. b4 d5 20. Be3
Re8 21. c3 Bg4 22. h3 Be6 23. Ra5 b5 24. Raa1 Bc8 25. Rd1 25... Bb7 { } 26.
Rxd5 Rxc3 27. bxc3 Bxd5 28. Rxa6 h6 29. Rd6 Bc4 30. Rd4 Rc8 31. Rd6 Kh7 32. Bd4
Re8 33. Rc6 Re1+ 34. Kh2 Re7 35. Rc5 Bd3 36. Kg3 Be2 37. h4 Bd3 38. Kf3 Be4+
39. Kf4 Bd3 40. Re5 Rxe5 41. Kxe5 Bc4 42. Kd6 h5 43. Ke7 g6 44. Kf8 Be6 45. Bf6
Bd5 46. g3 Ba2 47. Ke7 Kg8 48. Kd6 Kf8 49. f3 Kg8 50. Ke5 Kh7 1/2-1/2

[Event "Graz op A"]
[Site "Graz"]
[Date "2001.09.08"]
[Round "8.2"]
[White "Teske, Henrik"]
[Black "Galdunts, Sergey"]
[Result "1-0"]
[WhiteElo "2486"]
[BlackElo "2514"]
[PlyCount "81"]


1. c4 e6 2. d4 f5 3. Nf3 Nf6 4. Bf4 d6 5. Nc3 g6 6. e3 Bg7 7. b4 O-O 8. c5 a5
9. cxd6 cxd6 10. b5 Nh5 11. Bg5 Qe8 12. Be2 Nd7 13. Nd2 Nb6 14. O-O Bd7 15. a4
h6 16. Bh4 Kh7 17. Bf3 Rc8 18. Rc1 Rc7 19. Bxh5 gxh5 20. Qb3 e5 21. dxe5 dxe5
22. e4 Be6 23. Qb2 Qg6 24. f3 f4 25. Kh1 Rfc8 26. Bf2 Bf7 27. Bxb6 Qxb6 28. Nd5
Bxd5 29. Rxc7 Rxc7 30. exd5 30... Qd4 { } 31. Qb1+ Kg8 32. Qa2 Kf8 33. Ne4 Qc4
34. Qa3+ Kg8 35. Rd1 Qe2 36. Rg1 Qe3 37. Qb2 Qd3 38. d6 Rc2 39. Qb1 Bf8 40. d7
Be7 41. Rd1 1-0

[Event "Graz op A"]
[Site "Graz"]
[Date "2001.09.08"]
[Round "8.3"]
[White "Babula, Vlastimil"]
[Black "Epishin, Vladimir"]
[Result "1/2-1/2"]
[WhiteElo "2566"]
[BlackElo "2583"]
[PlyCount "49"]


1. d4 Nf6 2. c4 e6 3. Nc3 Bb4 4. e3 O-O 5. Bd3 d5 6. Nf3 Nbd7 7. O-O dxc4 8.
Bxc4 Bd6 9. e4 e5 10. Bg5 h6 11. Bh4 a6 12. Rc1 exd4 13. Qxd4 { } 13... g5 14.
Bg3 Bxg3 15. hxg3 Nb6 16. Nd5 Nbxd5 17. exd5 Qd6 18. Bb3 Re8 19. Qc5 Re7 20.
Nd4 Qxc5 21. Rxc5 Kf8 22. Rfc1 Ne8 23. f3 Bd7 24. Kf2 Rd8 25. g4 1/2-1/2

[Event "Graz op A"]
[Site "Graz"]
[Date "2001.09.08"]
[Round "8.4"]
[White "Krivoshey, Sergei"]
[Black "Pavasovic, Dusko"]
[Result "0-1"]
[WhiteElo "2449"]
[BlackElo "2539"]
[PlyCount "72"]


1. d4 d5 2. c4 e6 3. Nc3 c6 4. e3 Nf6 5. Nf3 Nbd7 6. Bd3 dxc4 7. Bxc4 b5 8. Bd3
a6 9. e4 c5 10. e5 cxd4 11. Nxb5 axb5 12. exf6 gxf6 13. O-O Qb6 14. Qe2 b4 15.
Rd1 Bc5 16. a4 h5 17. Bf4 Kf8 18. Qd2 Bb7 19. Be2 Rg8 20. Bg3 Bd5 21. Nxd4 Rg5
22. Nf3 { } 22... Rxg3 23. hxg3 Bxf2+ 24. Kh2 Nc5 25. Qh6+ Ke7 26. Rxd5 exd5
27. Nh4 Qe6 28. Qxh5 Rg8 29. Nf5+ Kd8 30. Bf3 Kc7 31. Rf1 Nd3 32. Qh7 Qe8 33.
Ng7 Bxg3+ 34. Kxg3 Qe5+ 35. Kg4 Qg5+ 36. Kh3 Rxg7 0-1

[Event "Graz op A"]
[Site "Graz"]
[Date "2001.09.08"]
[Round "8.6"]
[White "Konopka, Michal"]
[Black "Okhotnik, Vladimir"]
[Result "1/2-1/2"]
[WhiteElo "2479"]
[BlackElo "2446"]
[PlyCount "75"]


1. Nf3 c5 2. c4 Nc6 3. Nc3 g6 4. g3 Bg7 5. Bg2 d6 6. O-O Bd7 7. Rb1 Qc8 8. Re1
Nh6 9. a3 Nd4 10. d3 Nhf5 11. Nd2 h5 12. Nde4 h4 13. e3 Ne6 14. b4 hxg3 15.
hxg3 Rb8 16. Bb2 Kf8 17. Qd2 b6 18. f4 Nc7 19. b5 Nh6 20. Ng5 f6 21. Nf3 Bh3
22. Nh4 22... Qg4 { } 23. Ne4 Bxg2 24. Qxg2 Nf5 25. Nf2 Nxh4 26. Nxg4 Nxg2 27.
Kxg2 a6 28. a4 axb5 29. axb5 Ra8 30. Ra1 Kf7 31. e4 Rxa1 32. Rxa1 Ra8 33. Rxa8
Nxa8 34. Ne3 e6 35. g4 Bh6 36. Kf3 Nc7 37. d4 Bg7 38. d5 1/2-1/2

[Event "Graz op A"]
[Site "Graz"]
[Date "2001.09.08"]
[Round "8.7"]
[White "Zelcic, Robert"]
[Black "Wittmann, Walter"]
[Result "1-0"]
[WhiteElo "2534"]
[BlackElo "2352"]
[PlyCount "63"]


1. e4 c5 2. Nf3 d6 3. d4 cxd4 4. Nxd4 Nf6 5. Nc3 Nc6 6. Be2 Nxd4 7. Qxd4 g6 8.
Qa4+ Bd7 9. Qb3 Bg7 10. Qxb7 O-O 11. O-O a5 12. a4 Be6 13. Qb5 Rb8 14. Qg5 Rb4
15. Bd3 Qa8 16. Bd2 { } 16... Rc8 17. Rab1 Rc5 18. Qg3 Rh5 19. f3 Qb7 20. b3
Bh6 21. Bxh6 Rxh6 22. Ne2 d5 23. e5 Nh5 24. Qg5 Qa7+ 25. Rf2 Kg7 26. c3 f6 27.
exf6+ exf6 28. Qd2 Rh4 29. Nd4 Bf7 30. g4 Ng3 31. Rg2 Qc7 32. hxg3 1-0

[Event "Graz op A"]
[Site "Graz"]
[Date "2001.09.08"]
[Round "8.8"]
[White "Rogulj, Branko"]
[Black "Stanec, Nikolaus"]
[Result "1-0"]
[WhiteElo "2460"]
[BlackElo "2530"]
[PlyCount "57"]


1. e4 c5 2. Nc3 Nc6 3. g3 g6 4. Bg2 Bg7 5. d3 d6 6. f4 e6 7. Nf3 Nge7 8. O-O
O-O 9. Be3 Nd4 10. Bf2 Nec6 11. e5 Nxf3+ 12. Qxf3 Nd4 13. Qd1 dxe5 14. fxe5
Bxe5 15. Ne4 f5 16. Nxc5 Qd6 17. b4 Bg7 18. a4 Nc6 19. b5 Na5 20. d4 Rb8 21. c3
b6 22. Nb3 Nxb3 23. Qxb3 Kh8 24. Rfe1 Re8 25. Be3 Bb7 26. Bf4 e5 27. dxe5 Bxe5
28. Rxe5 Rxe5 { } 29. Qb4 1-0

[Event "Graz op A"]
[Site "Graz"]
[Date "2001.09.08"]
[Round "8.9"]
[White "Tratar, Marko"]
[Black "Titz, Heimo"]
[Result "1-0"]
[WhiteElo "2416"]
[BlackElo "2282"]
[PlyCount "101"]


1. d4 Nf6 2. Nf3 e6 3. c4 b6 4. g3 Ba6 5. b3 Bb7 6. Bg2 Bb4+ 7. Bd2 a5 8. O-O
O-O 9. Qc2 d6 10. Nc3 Nbd7 11. Rfe1 Bxc3 12. Bxc3 Be4 13. Qc1 h6 14. Bf1 c6 15.
Nd2 Bg6 16. f3 c5 17. e4 cxd4 18. Bxd4 Qc7 19. Nb1 e5 20. Be3 Rfd8 21. Nc3 Qb8
22. Qd2 Nc5 23. Rab1 Ra7 24. a3 Rb7 25. b4 axb4 26. axb4 Ne6 27. Ra1 Nc7 28.
Red1 Nfe8 29. Qf2 f6 30. Nd5 Nxd5 31. cxd5 Nc7 32. Bh3 Be8 33. Rdc1 Bd7 34. Bf1
Rc8 35. Ra2 Kf8 36. Rac2 Na8 37. Rc6 Bxc6 38. dxc6 Rf7 39. b5 f5 40. Bc4 Rf6
41. exf5 Rd8 42. Be6 d5 43. f4 d4 44. Bd2 Rxe6 45. fxe6 Kg8 46. fxe5 Nc7 47.
Qf7+ Kh7 48. e7 Re8 49. Rf1 49... Kh8 { } 50. Bxh6 Rg8 51. Bxg7+ 1-0

[Event "Graz op A"]
[Site "Graz"]
[Date "2001.09.08"]
[Round "8.10"]
[White "Kupreichik, Viktor D"]
[Black "Hansen, Kay"]
[Result "1-0"]
[WhiteElo "2443"]
[BlackElo "2236"]
[PlyCount "127"]


1. e4 c6 2. Nc3 d5 3. d4 b5 4. Bd3 e6 5. Nge2 Nf6 6. a3 b4 7. axb4 Bxb4 8. O-O
O-O 9. Ng3 dxe4 10. Ncxe4 Nbd7 11. Qf3 Bb7 12. Bf4 Be7 13. Nd6 Qb6 14. Nc4 Qxd4
15. Rfd1 c5 16. Qxb7 Qxf4 17. Rxa7 Qb8 18. Qxb8 Rfxb8 19. Rda1 Rxa7 20. Rxa7
Bf8 21. Nf1 Nb6 22. Ne5 Nc8 23. Ra2 Nb6 24. Ra5 Nbd7 25. Nc4 g6 26. Nfd2 Nb6
27. Ra6 Nxc4 28. Nxc4 Nd5 29. c3 Rd8 30. Bf1 Rd7 31. g3 Bh6 32. Ra8+ Kg7 33.
Ra5 Rc7 34. h4 Kf6 35. Bg2 Bf8 36. Kf1 h5 37. Ke2 Rd7 38. f4 Be7 39. Be4 Kg7
40. Bf3 Bf8 41. Be4 Nf6 42. Bc6 Rc7 43. Ra6 Nd7 44. Bxd7 Rxd7 45. Ne5 Rb7 46.
Nc4 Kf6 47. Kd3 Kf5 48. Ne3+ Kf6 49. Kc2 Be7 50. Rc6 Bf8 51. Rc8 Be7 52. Ra8
Rd7 53. Rb8 e5 { } 54. Rb6+ 54... Bd6 55. Nc4 exf4 56. Rxd6+ Rxd6 57. Nxd6 fxg3
58. Ne4+ Ke5 59. Nxg3 Kd5 60. Kd3 c4+ 61. Ke3 Ke5 62. Ne4 f6 63. Kf3 Ke6 64.
Kf4 1-0

[Event "Graz op A"]
[Site "Graz"]
[Date "2001.09.08"]
[Round "8.13"]
[White "Deutsch, Ludwig"]
[Black "Perhinig, Robert"]
[Result "0-1"]
[WhiteElo "2266"]
[BlackElo "2191"]
[PlyCount "110"]


1. c4 e6 2. Nc3 d5 3. d4 Nf6 4. Nf3 c6 5. e3 Nbd7 6. Bd2 Bd6 7. Qc2 O-O 8. Be2
Qe7 9. cxd5 exd5 10. Bd3 Re8 11. O-O Ne4 12. Ne2 Ndf6 13. Ng3 h5 14. Bc3 Ng4
15. Bxe4 dxe4 16. Ne5 Nxe5 17. dxe5 Bxe5 18. Bxe5 Qxe5 19. Qc3 Bg4 20. Qxe5
Rxe5 21. f4 exf3 22. gxf3 h4 23. fxg4 hxg3 24. Rf3 gxh2+ 25. Kxh2 Rd8 26. Kg2
Re4 27. Rg3 Rd2+ 28. Kf3 Ra4 29. Rg2 Rxg2 30. Kxg2 Rxg4+ 31. Kf3 Rb4 32. b3 Rb5
33. e4 Re5 34. Rd1 Re7 35. Rd8+ Kh7 36. Kf4 Kg6 37. a4 f6 38. b4 Kf7 39. a5 a6
40. Rb8 g5+ 41. Kf3 Ke6 42. Rf8 Ke5 43. Ke3 Rg7 44. Re8+ Kd6 45. Kf3 c5 46.
bxc5+ Kxc5 47. Rd8 Kb4 48. Rd5 Re7 49. Rf5 Re6 50. Rd5 { } 50... b5 51. axb6
Rxb6 52. Rd1 a5 53. Rb1+ Kc5 54. Ra1 Ra6 55. Rc1+ Kd6 0-1

[Event "Graz op A"]
[Site "Graz"]
[Date "2001.09.08"]
[Round "8.15"]
[White "Stuhlik, Marko"]
[Black "Zoister, Stefan"]
[Result "1/2-1/2"]
[WhiteElo "2246"]
[BlackElo "2147"]
[PlyCount "34"]


1. Nf3 Nf6 2. g3 e6 3. c4 d5 4. b3 c6 5. Bg2 Nbd7 6. O-O Bd6 7. d4 O-O 8. Nc3
Re8 9. Bf4 Qc7 10. Bxd6 Qxd6 11. e4 Nxe4 12. Nxe4 dxe4 13. Ng5 Nf6 14. Nxe4
Nxe4 15. Bxe4 e5 16. dxe5 Qxe5 17. Re1 Bf5 1/2-1/2

[Event "Graz op A"]
[Site "Graz"]
[Date "2001.09.08"]
[Round "8.16"]
[White "Holzbauer, Johann"]
[Black "Karner, Christoph"]
[Result "0-1"]
[WhiteElo "2152"]
[BlackElo "2240"]
[PlyCount "29"]


1. c3 Nf6 2. d4 g6 3. Bg5 Bg7 4. Nd2 O-O 5. e3 d6 6. Bd3 Nbd7 7. Qc2 b6 8. Ne2
Bb7 9. O-O Qe8 10. e4 c5 11. Bb5 a6 12. Bxd7 Qxd7 13. f3 cxd4 14. cxd4 Qb5 15.
Be3 { } 0-1

[Event "Graz op A"]
[Site "Graz"]
[Date "2001.09.08"]
[Round "8.17"]
[White "Havlicek, Josef"]
[Black "Fauland, Peter"]
[Result "1-0"]
[WhiteElo "2144"]
[BlackElo "2270"]
[PlyCount "103"]


1. d4 d5 2. c4 c6 3. Nc3 Nf6 4. e3 g6 5. Nf3 Bg7 6. Bd3 O-O 7. O-O dxc4 8. Bxc4
Bg4 9. h3 Bxf3 10. Qxf3 Qc7 11. e4 e5 12. Be3 Nbd7 13. Bb3 exd4 14. Bxd4 Nh5
15. Bxg7 Kxg7 16. Rac1 Nc5 17. Bc2 Ne6 18. Rfd1 Rfd8 19. Bb3 Qe7 20. e5 Nd4 21.
Rxd4 Rxd4 22. Ne2 Rd2 23. Qe3 Rxb2 24. g4 Rxe2 25. Qxe2 Nf4 26. Qe3 g5 27. Re1
Re8 28. Kh2 b6 29. Qe4 Qc5 30. Re3 Ng6 31. Qf5 Rxe5 32. Qxf7+ Kh6 33. Rxe5
Qxe5+ 34. Kg1 Qe7 35. Qf3 Qd6 36. Qf7 Nf4 37. Bc2 Ng6 38. Qxa7 b5 39. Qf7 Nf8
40. Qh5+ Kg7 41. Qxg5+ Ng6 42. h4 Qe5 43. Bxg6 Qxg5 44. hxg5 hxg6 45. f4 45...
Kf7 { } 46. f5 Ke7 47. Kf2 c5 48. Ke3 Kd6 49. Ke4 Ke7 50. Kd5 c4 51. Kd4 Kd6
52. a4 1-0

[Event "Graz op A"]
[Site "Graz"]
[Date "2001.09.08"]
[Round "8.18"]
[White "Ferrari, Josef"]
[Black "Zimmermann, Paul"]
[Result "0-1"]
[WhiteElo "2141"]
[BlackElo "2241"]
[PlyCount "78"]


1. Nf3 Nf6 2. g3 d5 3. d4 c6 4. Bg2 Bf5 5. c4 e6 6. Nc3 h6 7. O-O Be7 8. b3 O-O
9. Bb2 Nbd7 10. Nd2 Bh7 11. Re1 Qa5 12. a3 Rad8 13. Rc1 b5 14. e4 bxc4 15. bxc4
Rb8 16. Na4 Nxe4 17. Nxe4 dxe4 18. Bxe4 Bxe4 19. Rxe4 Bf6 20. Re2 Rfd8 21. Bc3
Qa6 22. Rd2 Bg5 23. f4 Bf6 24. d5 Bxc3 25. Rxc3 cxd5 26. cxd5 { } 26... e5 27.
Kg2 exf4 28. gxf4 Qg6+ 29. Rg3 Qe4+ 30. Kh3 Qf5+ 31. Kg2 Nf6 32. d6 Ne4 33. Rd5
Qxf4 34. Rf3 Qg4+ 35. Kh1 Rb1 36. Qxb1 Qxf3+ 37. Kg1 Qg4+ 38. Kf1 Ng3+ 39. hxg3
Qf3+ 0-1

[Event "Graz op A"]
[Site "Graz"]
[Date "2001.09.08"]
[Round "8.19"]
[White "Halser, Walter"]
[Black "Wegerer, Fred"]
[Result "0-1"]
[WhiteElo "2119"]
[BlackElo "2230"]
[PlyCount "72"]


1. e4 c5 2. Nf3 Nc6 3. Nc3 e6 4. d4 cxd4 5. Nxd4 a6 6. Be3 Qc7 7. Bd3 Nf6 8.
O-O Ne5 9. h3 Nc4 10. Bxc4 Qxc4 11. e5 Nd5 12. Nxd5 Qxd5 13. Nf3 Qxd1 14. Rfxd1
b5 15. c3 Bb7 16. Nd4 Be7 17. a4 bxa4 18. Rxa4 f6 19. f4 fxe5 20. fxe5 O-O 21.
Nc2 Bc6 22. Raa1 a5 23. b4 axb4 24. Nxb4 Ba4 25. Rd2 Bb5 26. Rda2 Rxa2 27. Rxa2
Rf1+ 28. Kh2 Re1 29. Bd4 Bg5 30. Kg3 h5 31. Kf2 Rf1+ 32. Kg3 Bf4+ 33. Kh4 g6
34. g4 { } 34... Rf3 35. gxh5 g5+ 36. Kg4 Rg3# 0-1

[Event "Graz op A"]
[Site "Graz"]
[Date "2001.09.08"]
[Round "8.20"]
[White "Peisser, Manfred"]
[Black "Aschenbrenner, Robert"]
[Result "0-1"]
[WhiteElo "2113"]
[BlackElo "2221"]
[PlyCount "76"]


1. d4 b6 2. e4 e6 3. Bd3 Bb7 4. Nf3 c5 5. c3 Nf6 6. Qe2 Be7 7. O-O d5 8. exd5
Bxd5 9. dxc5 Bxc5 10. Bg5 Nbd7 11. Nbd2 Qc7 12. Ne4 Be7 13. Nxf6+ gxf6 14. Bh4
O-O-O 15. b4 Qc6 16. Nd4 Qa8 17. Ba6+ Kb8 18. Bg3+ Ne5 19. Nb5 Rhg8 20. f3 { }
20... Rxg3 21. hxg3 Bc4 22. Qe3 Bxf1 23. Rxf1 Qd5 24. a4 Nc4 25. Qf2 e5 26. Qe2
Nd2 27. Ra1 f5 28. Kh1 e4 29. Nd4 Nb3 30. Rd1 Bf6 31. Bc4 Nxd4 32. Rxd4 Qe5 33.
f4 Qe7 34. Rxd8+ Qxd8 35. Bxf7 Bxc3 36. Qc4 Qd1+ 37. Kh2 Bd4 38. Qe6 Qg1+ 0-1

[Event "Graz op A"]
[Site "Graz"]
[Date "2001.09.08"]
[Round "8.21"]
[White "Schrey, Stefan"]
[Black "Krebs, Johann"]
[Result "1-0"]
[WhiteElo "2096"]
[BlackElo "2208"]
[PlyCount "137"]


1. Nf3 c5 2. c3 Nf6 3. d4 b6 4. Bf4 g6 5. h3 Ba6 6. Nbd2 Bg7 7. Qc2 Qc8 8. e3
Bxf1 9. Nxf1 O-O 10. N1d2 Qa6 11. Ne4 Nd5 12. Be5 f6 13. Bh2 f5 14. Ned2 Nc6
15. Qb3 e6 16. Bd6 Na5 17. Qd1 cxd4 18. Bxf8 dxe3 19. Bxg7 exd2+ 20. Qxd2 Kxg7
21. Qe2 Qxe2+ 22. Kxe2 Nf4+ 23. Kf1 Rc8 24. g3 Nd5 25. Kg2 Kf6 26. Rhe1 g5 27.
Rad1 h5 28. Ne5 Rc7 29. Nd3 Nc4 { } 30. b3 30... Nxc3 31. bxc4 Nxd1 32. Rxd1
Rxc4 33. h4 gxh4 34. Nf4 hxg3 35. Nxh5+ Ke7 36. Nxg3 Rc2 37. a4 Rc4 38. Ra1 Rc5
39. Kf3 Ra5 40. Ne2 b5 41. Nc3 bxa4 42. Nxa4 e5 43. Ke3 f4+ 44. Kd3 d5 45. Kc3
Ra6 46. Kb4 Kf6 47. Kb5 Re6 48. Nc3 Kf5 49. Nxd5 Ke4 50. Kc5 Kf3 51. Ra2 Rh6
52. Nb4 e4 53. Nc6 e3 54. Nd4+ Ke4 55. f3+ Kd3 56. Ra3+ Kd2 57. Rxa7 e2 58.
Ra2+ Kd3 59. Nxe2 Rh5+ 60. Kd6 Ke3 61. Ng1 Rh6+ 62. Ke5 Rh5+ 63. Kf6 Rh1 64.
Re2+ Kd3 65. Rg2 Rh5 66. Rg5 Rh8 67. Kf5 Ke3 68. Kg4 Rh2 69. Re5+ 1-0

[Event "Graz op A"]
[Site "Graz"]
[Date "2001.09.08"]
[Round "8.22"]
[White "Spiesberger, Gerhard"]
[Black "Winiwarter, Felix"]
[Result "1/2-1/2"]
[WhiteElo "2042"]
[BlackElo "2141"]
[PlyCount "47"]


1. Nf3 f5 2. c4 Nf6 3. d4 g6 4. g3 Bg7 5. Bg2 O-O 6. Nc3 d6 7. O-O Nc6 8. d5
Na5 9. Qd3 e5 10. dxe6 Bxe6 11. b3 Nc6 12. Bb2 Nd7 13. Na4 Bxb2 14. Nxb2 Qf6
15. Qd2 Nc5 16. Ng5 Bd7 17. Nd3 Nxd3 18. exd3 Nd4 19. Nf3 Rae8 20. Nxd4 Qxd4
21. Rae1 Bc6 22. Bxc6 bxc6 23. Rxe8 Rxe8 24. Re1 1/2-1/2

[Event "Graz op A"]
[Site "Graz"]
[Date "2001.09.08"]
[Round "8.23"]
[White "Sulyok, Michael"]
[Black "Teuschler, Hugo"]
[Result "1-0"]
[WhiteElo "2278"]
[BlackElo "2108"]
[PlyCount "147"]


1. c4 c5 2. Nc3 Nc6 3. Nf3 Nf6 4. d4 cxd4 5. Nxd4 e6 6. Bf4 Bc5 7. Nb3 Bb4 8.
Qc2 e5 9. Bd2 d5 10. cxd5 Nxd5 11. a3 Bxc3 12. bxc3 O-O 13. e4 Nde7 14. Be2 Qc7
15. O-O Be6 16. Qb2 Rfd8 17. Be3 b6 18. Rfd1 Rxd1+ 19. Rxd1 Rd8 20. Rxd8+ Nxd8
21. c4 Nb7 22. Qc3 22... Nc6 { } 23. c5 Bxb3 24. cxb6 axb6 25. Qxb3 Nd4 26.
Bxd4 exd4 27. Qd5 Kf8 28. Qxd4 Qc1+ 29. Bf1 Qxa3 30. Qxb6 Qe7 31. f3 Qc5+ 32.
Qxc5+ Nxc5 33. Kf2 Ke7 34. Ke3 g5 35. Bc4 f6 36. g3 Nd7 37. f4 h6 38. Kd4 Kd6
39. Bb5 Nf8 40. e5+ fxe5+ 41. fxe5+ Ke6 42. Ke4 Ke7 43. Bc4 Nd7 44. Kf5 Nb6 45.
Ba2 Nd7 46. h3 Nf8 47. e6 Nh7 48. Kg6 Nf6 49. Kxh6 Ne4 50. g4 Kf6 51. Bd5 Nf2
52. Bg2 Nd3 53. e7 Kxe7 54. Kxg5 Kf7 55. Kf5 Nc5 56. h4 Nd7 57. g5 Kg7 58. Be4
Nf8 59. Ke5 Nd7+ 60. Kd6 Nf6 61. Bc2 Nh5 62. Ke5 Ng3 63. Kf4 Nh5+ 64. Kf5 Ng3+
65. Kg4 Ne2 66. h5 Nd4 67. Bf5 Nc6 68. h6+ Kf7 69. g6+ Kf6 70. g7 Ne7 71. Bc2
Ng8 72. Kh5 Ne7 73. Bb3 Ke5 74. h7 1-0

[Event "Graz op A"]
[Site "Graz"]
[Date "2001.09.08"]
[Round "8.24"]
[White "Nickl, Klaus"]
[Black "Bozinovic, Boban"]
[Result "0-1"]
[WhiteElo "2233"]
[BlackElo "2099"]
[PlyCount "78"]


1. d4 g6 2. Nf3 Bg7 3. c4 c5 4. e3 Nf6 5. Nc3 O-O 6. Be2 cxd4 7. exd4 d5 8. c5
Nc6 9. h3 Bf5 10. O-O Ne4 11. Bf4 b6 12. Qa4 g5 13. Bh2 Rc8 14. Ba6 Qd7 15.
Bxc8 Rxc8 16. cxb6 axb6 17. Qd1 g4 18. Ne5 Nxe5 19. dxe5 Nxc3 20. bxc3 gxh3 21.
Qd2 hxg2 22. Rfe1 Kh8 23. Rad1 e6 24. Qd4 Qa7 25. Qd2 Bf8 26. Bf4 Rc4 27. Kxg2
Qa4 28. Kg3 Be7 29. Qc1 { } 29... Bh4+ 30. Kf3 Bxf2 31. Re2 Bc5 32. Qd2 Rxf4+
33. Qxf4 Qxd1 34. Qg5 Qf1+ 35. Kg3 Qxe2 36. Qd8+ Kg7 37. Qf6+ Kg8 38. Qg5+ Bg6
39. Qd8+ Bf8 0-1

[Event "Graz op A"]
[Site "Graz"]
[Date "2001.09.08"]
[Round "8.25"]
[White "Bachmayer, Josef"]
[Black "Fruehauf, Norbert"]
[Result "1-0"]
[WhiteElo "2170"]
[BlackElo "2095"]
[PlyCount "83"]


1. d4 Nf6 2. Nc3 d5 3. Bg5 Nbd7 4. f3 h6 5. Bh4 c6 6. e4 Qb6 7. e5 Qxb2 8. Nge2
Nh7 9. Rb1 Qa3 10. Rb3 Qa5 11. e6 Ndf6 12. exf7+ Kxf7 13. Nc1 g5 14. Bf2 Bg7
15. Bd3 Re8 16. O-O e5 17. dxe5 Rxe5 18. N1e2 b5 19. Bd4 Re7 20. Bc5 Re8 21.
Kh1 Nf8 22. Nd4 Ne6 23. Nxe6 Bxe6 24. Ne2 Nd7 25. Bd4 Bxd4 26. Nxd4 Qb6 27. f4
Kg7 28. Bf5 Nc5 29. fxg5 Bf7 30. gxh6+ Kh8 31. Rg3 Ne4 32. Bxe4 Rxe4 33. Nf5 c5
34. Ng7 Qc7 35. Qf3 Bg8 36. h7 { } 36... Rh4 37. hxg8=Q+ Rxg8 38. Nf5 Rf8 39.
Rh3 Rxh3 40. Qxh3+ Qh7 41. Qc3+ Kg8 42. Qxc5 1-0

[Event "Graz op A"]
[Site "Graz"]
[Date "2001.09.08"]
[Round "8.28"]
[White "Huber, Adolf"]
[Black "Vodep, Otto"]
[Result "0-1"]
[WhiteElo "2050"]
[BlackElo "2121"]
[PlyCount "70"]


1. e4 d6 2. d4 Nf6 3. Nc3 g6 4. Nf3 Bg7 5. Be2 O-O 6. O-O Bg4 7. Be3 Nc6 8. Qd2
e5 9. d5 Ne7 10. Rad1 { } 10... b5 11. a3 a5 12. Bxb5 Bxf3 13. gxf3 Nh5 14. Ne2
f5 15. Bg5 f4 16. Kh1 h6 17. Bxe7 Qxe7 18. Rg1 Kh7 19. Rg2 Rg8 20. Rdg1 Bf6 21.
Qc3 Rg7 22. Qc6 Rag8 23. h3 Bh4 24. Qc3 Nf6 25. Qxa5 Nxe4 26. fxe4 f3 27. Rh2
fxe2 28. Bxe2 Qf6 29. Bg4 h5 30. Bd1 Bg5 31. Rg3 Bf4 32. Rf3 Qh4 33. Qe1 Bxh2
34. Kxh2 g5 35. Qe3 g4 0-1

[Event "Graz op A"]
[Site "Graz"]
[Date "2001.09.08"]
[Round "8.29"]
[White "Kainz, Josef"]
[Black "Jahrer, Michael"]
[Result "0-1"]
[WhiteElo "2044"]
[BlackElo "2113"]
[PlyCount "77"]


1. d4 Nf6 2. Nf3 e6 3. e3 b6 4. Bd3 Bb7 5. O-O Be7 6. Nbd2 O-O 7. b3 d6 8. Bb2
Nbd7 9. Qe2 c5 10. a3 Rc8 11. Rac1 Rc7 12. c4 cxd4 13. exd4 Qa8 14. d5 e5 15.
Ng5 Re8 16. f4 h6 17. Nge4 Nxe4 18. Nxe4 Qd8 19. Qh5 Nf6 20. Nxf6+ Bxf6 21.
fxe5 Bxe5 22. Rc2 Bxb2 23. Rxb2 Re5 24. Qf3 b5 25. Rbf2 bxc4 26. Bxc4 { } 26...
Qg5 27. Re2 Rxe2 28. Qxe2 Bxd5 29. Qe8+ Kh7 30. Bd3+ g6 31. Qe2 Bxb3 32. Qf2
Bd5 33. h4 Qg4 34. Be2 Qe6 35. h5 Re7 36. hxg6+ fxg6 37. Bd3 Qe3 38. Qxe3 Rxe3
39. Kf2 0-1

[Event "Graz op A"]
[Site "Graz"]
[Date "2001.09.08"]
[Round "8.31"]
[White "Wieser, Andreas"]
[Black "Rodriguez, Jean-Pierre"]
[Result "1-0"]
[WhiteElo "2156"]
[BlackElo "2055"]
[PlyCount "61"]


1. e4 c6 2. d4 d5 3. exd5 cxd5 4. Bd3 Nf6 5. c3 e6 6. Nf3 Be7 7. Bf4 O-O 8.
Nbd2 b6 9. Ne5 Bb7 10. Qf3 Nbd7 11. Qh3 Re8 12. Nxd7 Qxd7 13. O-O g6 14. Rae1
Bf8 15. Nf3 Qc8 16. Bh6 Bg7 17. Ne5 Ba6 18. Bxa6 Qxa6 19. Re3 19... Rec8 { }
20. Nxf7 Re8 21. Bxg7 Kxg7 22. Ng5 Rac8 23. Rxe6 Rxe6 24. Qxe6 Rc7 25. Qe5 Rc6
26. Qe7+ Kh6 27. Nf7+ Kh5 28. Ne5 Ng8 29. Qxh7+ Kg5 30. h4+ Kf5 31. Nxc6 1-0

[Event "Graz op A"]
[Site "Graz"]
[Date "2001.09.08"]
[Round "8.32"]
[White "Hatzl, Stefan"]
[Black "Valent, Peter"]
[Result "1/2-1/2"]
[WhiteElo "2119"]
[BlackElo "2058"]
[PlyCount "113"]


1. e4 e5 2. Nf3 Nc6 3. Bb5 Nf6 4. O-O Bc5 5. d3 d6 6. h3 a6 7. Ba4 b5 8. Bb3
Na5 9. c3 Nxb3 10. axb3 h6 11. Qe2 O-O 12. b4 Bb6 13. Na3 Bb7 14. Bd2 Re8 15.
Nh2 d5 16. Rad1 dxe4 17. dxe4 Qc8 18. Ng4 Nxe4 19. Be3 h5 20. Nh2 Bxe3 21. Qxe3
Qf5 22. f4 exf4 23. Qxf4 Qxf4 24. Rxf4 Rad8 25. Rxd8 Rxd8 26. Nf3 g5 27. Rf5 f6
28. Nd4 Kf7 29. Nac2 Nd6 30. Rf2 Re8 31. Kh2 h4 32. Nb3 Ne4 33. Re2 Rd8 34.
Ncd4 Ng3 35. Re1 Ne4 36. Re2 Bd5 37. Re1 Kg6 38. Ra1 Ra8 39. Rd1 Re8 40. Ra1
Ra8 41. Rd1 Re8 42. Ra1 Bb7 43. Re1 Nd6 44. Rxe8 Nxe8 45. Nc5 Bc8 46. Nc6 Kf7
47. Na7 Nd6 48. Nxc8 Nxc8 49. Nxa6 c6 50. Nc5 Nb6 51. g3 hxg3+ 52. Kxg3 f5 53.
Nb3 Nd5 54. Nd4 Ne7 55. b3 Kf6 56. c4 Ke5 57. Nf3+ 1/2-1/2

[Event "Graz op A"]
[Site "Graz"]
[Date "2001.09.09"]
[Round "9.3"]
[White "Eingorn, Vereslav"]
[Black "Konopka, Michal"]
[Result "1-0"]
[WhiteElo "2598"]
[BlackElo "2479"]
[PlyCount "55"]


1. c4 Nf6 2. Nc3 d5 3. cxd5 Nxd5 4. g3 g6 5. Bg2 Nb6 6. d3 Bg7 7. Be3 Nc6 8.
Rc1 O-O 9. Qd2 Re8 10. Bh6 Bh8 11. h4 Nd4 12. h5 e5 13. hxg6 hxg6 14. Ne4 f6
15. Nf3 Nxf3+ 16. Bxf3 16... c6 { } 17. Bf8 g5 18. Ba3 Bg7 19. Nd6 Re6 20. Nxc8
Nxc8 21. Qb4 f5 22. Qxb7 Nb6 23. Rxc6 Rb8 24. Qxa7 Rxc6 25. Bxc6 Qc8 26. Bd6
Qxc6 27. Qxb8+ Nc8 28. Qb3+ 1-0

[Event "Graz op A"]
[Site "Graz"]
[Date "2001.09.09"]
[Round "9.4"]
[White "Epishin, Vladimir"]
[Black "Zelcic, Robert"]
[Result "1/2-1/2"]
[WhiteElo "2583"]
[BlackElo "2534"]
[PlyCount "66"]


1. d4 Nf6 2. c4 e6 3. Nc3 Bb4 4. e3 b6 5. Nge2 Ba6 6. a3 Be7 7. b3 d5 8. cxd5
Nxd5 9. Nxd5 exd5 10. g3 O-O 11. Bg2 c6 12. O-O Nd7 13. Re1 Nf6 14. Nc3 Qd7 15.
a4 Rfd8 16. Ba3 Bxa3 17. Rxa3 c5 18. a5 Bb7 19. Ra1 Rac8 20. axb6 axb6 21. Rc1
Ne4 22. dxc5 Nxc3 23. Rxc3 bxc5 24. Qc2 { } 24... d4 25. Bxb7 Qxb7 26. Rd3 Re8
27. Qd2 dxe3 28. Rexe3 Rxe3 29. Qxe3 g6 30. Qf3 Qxf3 31. Rxf3 Rb8 32. Kf1 Kf8
33. Ke2 Rb4 1/2-1/2

[Event "Graz op A"]
[Site "Graz"]
[Date "2001.09.09"]
[Round "9.5"]
[White "Galdunts, Sergey"]
[Black "Polak, Tomas"]
[Result "1/2-1/2"]
[WhiteElo "2514"]
[BlackElo "2481"]
[PlyCount "20"]


1. e4 c6 2. d3 d5 3. Nd2 e5 4. Ngf3 Bd6 5. g3 Nf6 6. Bg2 O-O 7. O-O Re8 8. Re1
Nbd7 9. h3 a5 10. Nf1 Bf8 1/2-1/2

[Event "Graz op A"]
[Site "Graz"]
[Date "2001.09.09"]
[Round "9.6"]
[White "Farago, Ivan"]
[Black "Rogulj, Branko"]
[Result "1-0"]
[WhiteElo "2504"]
[BlackElo "2460"]
[PlyCount "39"]


1. d4 Nf6 2. c4 g6 3. Nc3 d5 4. Nf3 Bg7 5. Qb3 dxc4 6. Qxc4 O-O 7. e4 a6 8. Qb3
b5 9. Be2 c5 10. dxc5 Be6 11. Qc2 Nc6 12. O-O Nb4 13. Qb1 Qc7 14. Ng5 Bc4 15.
a3 Nc6 16. Be3 Bxe2 17. Nxe2 Ng4 18. Bf4 Be5 19. Bg3 { } 19... Nxh2 20. Kxh2
1-0